000 00642nam a2200205 u 4500
005 20250924063934.0
008 110928s2005 r 000 0 eng d
020 _a8495722933
035 _aUPN01000181969
049 _aI
050 4 _aPZ74.9
_bG3.32
100 1 _aGallego García, Laura,
_d1977-
_931781
245 1 0 _aUn fantasma en apuros /
_cLaura Gallego ; il Santy Gutíerrez.
260 _aAlzira, Esp. :
_bAlgar,
_c2005.
300 _a23 p. :
_bil. col.
440 0 _aMaleta magica ;
_v9.
_pPrimeros lectores
650 4 _aLibros y lectura para niños
_92290
650 4 _aFantasmas
_vLiteratura infantil
_911355
905 _aInfantil
999 _c154072
_d154072